[Event "Mecklenburg VP Seniors op 11th"]
[Site "Plau am See"]
[Date "2007.??.??"]
[Round "4"]
[White "Kohn, Friedrich"]
[Black "Adamek, Richard"]
[Result "1-0"]
[WhiteElo "1403"]
[BlackElo "1138"]
[PlyCount "85"]
[EventDate "2007.03.19"]
[EventType "swiss"]
[EventRounds "7"]
[EventCountry "GER"]
[SourceTitle "EXT 2008"]
[Source "ChessBase"]
[SourceDate "2007.11.25"]
[SourceVersion "1"]
[SourceVersionDate "2007.11.25"]
[SourceQuality "1"]

1. e4 e5 2. f4 Nc6 3. Nf3 exf4 4. d4 g5 5. h4 g4 6. Ne5 Nxe5 7. dxe5 Nh6 8. Bxf4 d6 9. Qd2 Ng8 10. Nc3 dxe5 11. Qxd8+ Kxd8 12. Bxe5 Nf6 13. Bxf6+ Ke8 14. Bxh8 Bh6 15. Nd5 Kd7 16. Rd1 Kc6 17. Ne7+ Kb6 18. Bd4+ c5 19. Nxc8+ Rxc8 20. Bc3 a5 21. Rd6+ Rc6 22. Rxc6+ bxc6 23. Bd2 Bxd2+ 24. Kxd2 h5 25. Bc4 f6 26. Bf7 Kc7 27. Rf1 Kd6 28. Rxf6+ Ke5 29. Re6+ Kf4 30. Bxh5 Kg3 31. Ke3 Kxh4 32. Bxg4 Kxg4 33. Rg6+ Kh5 34. Rxc6 Kg5 35. Rxc5+ Kg4 36. e5 a4 37. e6 a3 38. bxa3 Kg3 39. e7 Kh2 40. e8Q Kg1 41. Kf3 Kf1 42. Qe2+ Kg1 43. Qf2+ 1-0